| 000 | 00845nam a2200241 a 4500 | ||
|---|---|---|---|
| 001 | 000045048 | ||
| 005 | 20201002045831.0 | ||
| 008 | 150130s1992 sp 000 0 spa d | ||
| 020 | _a8447300064 | ||
| 040 |
_aDO-SdBNP _bspa _cBNPHU |
||
| 041 | 1 | 7 |
_aeng _hspa |
| 082 |
_axxxx _bxxxx |
||
| 100 | 1 |
_aKennedy Toole, John _973053 |
|
| 240 | 1 | 0 |
_aConfederacy of dunces. _lEspañol |
| 245 | 1 | 3 |
_aLa conjura de los necios / _cJohn Kennedy Toole ; traducción de J.M. Álvarez Flórez y Ángela Pérez ; prólogo ; Walker Percy ; edicion Pérez Gáldos. |
| 260 |
_aBarcelona : _bRBA, _bAnagrama, _c1992. |
||
| 300 |
_a360 p. ; _c21 cm. |
||
| 490 | 1 |
_aNarrativa actual _v5 |
|
| 700 | 1 |
_aÁlvarez Flórez, J.M. _etr. _911935 |
|
| 700 | 1 |
_aPérez, Ángela _etr. _911936 |
|
| 700 | 1 |
_aPercy, Walker, _epról. _973054 |
|
| 830 | 0 |
_aNarrativa actual ; _n5 _973055 |
|
| 999 |
_c44537 _d44537 |
||